| 000 | 01060cab a22001935a 4500 | ||
|---|---|---|---|
| 001 | L153129 | ||
| 008 | 110613e2011 xxk 000 0 eng d | ||
| 035 | _a(Sirsi) u153129 | ||
| 041 | 0 | _aeng | |
| 110 | 2 |
_aProperty Week _91549 |
|
| 245 | 0 | 0 | _aShopping centres tipped to lead investment revival |
| 260 | _c2011 | ||
| 490 | 0 |
_aProperty Week _v77(23) 10 June 2011, 36(1) |
|
| 520 | _aThe UK commercial property market activity is about to pick up with the release shortly of the first significant tranche of stock in 2011. Prime yields were unchanged in May for the fourth month running according to the latest Cushman & Wakefield UK property investment market briefing, standing at an average of 5.68%. Greater interest has been shown in second-tier or short-income London offices by UK funds and property companies. Tables present comparative yields across all commercial subsectors at a number of dates. | ||
| 590 | _aKA | ||
| 651 | 4 |
_aUnited Kingdom _y |
|
| 690 | _aPROPERTY-COMMERCIAL PROPERTY-COMMERCIAL PROPERTY FINANCE AND INVESTMENT | ||
| 942 | _n0 | ||
| 999 |
_c83200 _d83200 |
||